Normal view MARC view
  • NUMBERS.THE HISTORY OF MATHEMATICS

Entry Topical Term

Number of records used in: 1

001 - CONTROL NUMBER

  • control field: 61143

003 - CONTROL NUMBER IDENTIFIER

  • control field: NUST

005 - DATE AND TIME OF LATEST TRANSACTION

  • control field: 20210628202710.0

008 - FIXED-LENGTH DATA ELEMENTS

  • fixed length control field: 210628|| aca||aabn | a|a d

040 ## - CATALOGING SOURCE

  • Original cataloging agency: NUST
  • Transcribing agency: NUST

150 ## - HEADING--TOPICAL TERM

  • Topical term or geographic name entry element: NUMBERS.THE HISTORY OF MATHEMATICS

670 ## - SOURCE DATA FOUND

  • Source citation: Work cat.: (NUST): Tabak, John 8680, The history of mathematics - vol 5 probability and statistics,the science of uncertainty, 2006
© 2023 Central Library, National University of Sciences and Technology. All Rights Reserved.